000 00605nam a22001937a 4500
999 _c18284
_d18284
008 200317b xxu||||| |||| 00| 0 eng d
020 _a1478613060
040 _aKABU
_cKABU
050 _aHB871
_b.L86 2015 c. 1
100 _aLundquist, Jennifer Hickes
245 _aDemography
_bthe study of human population
_cJennifer Hickes Lunquist, Douglas L. Anderton, David Yaukey
250 _a4th ed.
260 _aLong Grove, Ilinois
_bWaveland Press
_c2015
300 _axix, 476 p.
650 _aDemography
700 _aAnderton, Douglas L.
700 _aYaukey, David
942 _2lcc
_cBK
_hHB871